000 00556nam a22001817a 4500
003 KOHA_MİRAKIL
005 20251209114811.0
008 251209b tu ||||| |||| 00| 0 tur d
020 _a9786257368339
040 _aTR-AnABB
_btur
_cTR-AnABB
041 _atur
082 _a956.10150922
_bFAT 2024
245 1 0 _aFatih : Cumhurbaşkanlığı Millet Kütüphanesi Fatih Sultan Mehmet Sergisi /
260 _aAnkara :
_bCumhurbaşkanlığı Yayınları,
_c2024
300 _a265 sayfa ;
_c25 cm
650 0 4 _aOsmanlı padişahları
942 _2ddc
_cBK
999 _c9736
_d9736
900 _bGizem YORULMAZ